Central Library OPAC University of Rajshahi

SOCIO-ECONOMIC BACKGROUND OF DEVIANTS IN SLUMS OF RAJSHAHI TOWN / (Record no. 83377)

MARC details
000 -LEADER
fixed length control field 00906nam a2200241 a 4500
001 - CONTROL NUMBER
RUCL Control Number 83377
003 - CONTROL NUMBER IDENTIFIER
rucl marc code BD-RjUL
005 - DATE AND TIME OF LATEST TRANSACTION
control field 20240318114436.0
008 - FIXED-LENGTH DATA ELEMENTS--GENERAL INFORMATION
fixed length control field 240318s1982 bg a|||| m||| 00| 0 eng d
035 ## - SYSTEM CONTROL NUMBER
system control number (BD-RjUL)83377
040 ## - CATALOGING SOURCE
Original cataloging agency BD-RjUL
Language of cataloging eng
Transcribing agency BD-RjUL
Modifying agency BD-RjUL
041 ## - LANGUAGE CODE
Language code of Book eng
082 ## - DEWEY DECIMAL CLASSIFICATION NUMBER
DDC Edition number 23
Classification number 307.3364
Author mark and Year RAS 1982
100 ## - MAIN ENTRY--PERSONAL NAME
Personal name RAHMAN, MD. ABDUR
9 (RLIN) 12378
245 10 - TITLE STATEMENT
Title SOCIO-ECONOMIC BACKGROUND OF DEVIANTS IN SLUMS OF RAJSHAHI TOWN /
Statement of responsibility, etc MD. ABDUR Rahman
Name of Supervisor/Co-Supervisor Supervisor : Md. Ali Akbar
260 ## - PUBLICATION, DISTRIBUTION, ETC. (IMPRINT)
Place of publication, distribution, etc Rajshahi :
Name of publisher, distributor, etc Institute of Bangladesh Studies,University of Rajshahi
Date of publication, distribution, etc 1982
300 ## - PHYSICAL DESCRIPTION
Pagination [1], vi, 152 leaves :
Other physical details ill.;
Dimensions 29 cm.
502 ## - DISSERTATION NOTE
Dissertation note Thesis (M. Phil.) -- Institute of Bangladesh Studies,University of Rajshahi,1982
504 ## - BIBLIOGRAPHY, ETC. NOTE
Bibliography, etc References : Leaves 147-152
650 ## - SUBJECT ADDED ENTRY--TOPICAL TERM
Topical term or geographic name as entry element Slums
General subdivision Deviants
Geographic subdivision Bangladesh
-- Rajshahi Town
9 (RLIN) 12379
700 ## - ADDED ENTRY--SUPERVISOR/CO-SUPERVISOR NAME
Personal name Akbar, Md. Ali, Supervisor
9 (RLIN) 9590
942 ## - ADDED ENTRY ELEMENTS (KOHA)
Source of classification or shelving scheme Dewey Decimal Classification
Koha item type Theses
Holdings
Source of classification or shelving scheme Damaged status Not for loan Collection code Permanent Location Current Location Shelving location Date of accession Source of acquisition Total Checkouts Full call number Barcode Date last seen Copy number Thesis
Dewey Decimal Classification   Not For Loan Theses Central Library, University of Rajshahi Central Library, University of Rajshahi Documentation Section 09/11/1992 Controller of Exam. R.U.   THE 307.3364 RAS 1982 D1611 18/03/2024 C-1 Theses